[Event "BL 8889 Bamberg-Delmenhorst"]
[Site "?"]
[Date "1988.??.??"]
[Round "?.4"]
[White "Kurz, A."]
[Black "Borik, O."]
[Result "0-1"]
[WhiteElo "2280"]
[BlackElo "2350"]
[PlyCount "78"]
[EventDate "1988.??.??"]

1. d4 g6 2. e4 Bg7 3. Nc3 d6 4. Be3 Nc6 5. Qd2 e5 6. d5 Nce7 7. O-O-O f5 8. f3
Nf6 9. Bb5+ Bd7 10. Bxd7+ Qxd7 11. Nge2 O-O 12. h3 b5 13. b4 a5 14. a3 axb4 15.
axb4 Rfc8 16. Qd3 c6 17. dxc6 Rxc6 18. Nxb5 d5 19. exd5 Qxd5 20. Nec3 Qe6 21.
Bc5 e4 22. fxe4 fxe4 23. Qe3 Nfd5 24. Nxd5 Nxd5 25. Qb3 e3 26. Nd4 Rca6 27. c4
Qe4 28. cxd5 Qxg2 29. d6+ Kh8 30. d7 Ra1+ 31. Qb1 Rxb1+ 32. Kxb1 Qa2+ 33. Kc1
e2 34. Nc2 Qb2+ 35. Kd2 exd1=Q+ 36. Rxd1 Rd8 37. Ke3 Qxc2 38. Rd5 Qb3+ 39. Ke4
Qc4+ 0-1

[Event "BL 8889 Bamberg-Delmenhorst"]
[Site "?"]
[Date "1988.??.??"]
[Round "?.5"]
[White "Wesseln, K."]
[Black "Meister, P."]
[Result "1/2-1/2"]
[WhiteElo "2350"]
[BlackElo "2325"]
[PlyCount "81"]
[EventDate "1988.??.??"]

1. d4 e6 2. c4 f5 3. Nf3 Nf6 4. g3 c6 5. Bg2 d5 6. O-O Bd6 7. b3 Qe7 8. c5 Bc7
9. Bf4 Bxf4 10. gxf4 b6 11. Qc2 bxc5 12. Qxc5 Qxc5 13. dxc5 Ne4 14. Rc1 Na6 15.
Ne5 Nexc5 16. Nxc6 Bd7 17. Ne5 Rb8 18. Nd2 Ke7 19. Ndf3 Be8 20. Nd4 Kd6 21. h4
h6 22. a4 Rb4 23. e3 g5 24. Nb5+ Ke7 25. hxg5 hxg5 26. fxg5 Nxb3 27. Nxa7 Nxc1
28. Nac6+ Kd6 29. Rxc1 Rxa4 30. f4 Nc5 31. Nd4 Rh7 32. g6 Bxg6 33. Nxg6 Rg7 34.
Nb5+ Kc6 35. Nc3 Rb4 36. Ne5+ Kd6 37. Rc2 Rb8 38. Kf2 Rc7 39. Ra2 Rb3 40. Ne2
Rcb7 41. Nd4 1/2-1/2

[Event "BL 8889 Bamberg-Delmenhorst"]
[Site "?"]
[Date "1988.??.??"]
[Round "?.6"]
[White "Ruehrig, V."]
[Black "Schlemermeyer, W."]
[Result "1/2-1/2"]
[WhiteElo "2330"]
[BlackElo "2265"]
[PlyCount "32"]
[EventDate "1988.??.??"]

1. e4 c5 2. Nf3 e6 3. d4 cxd4 4. Nxd4 Nf6 5. Nc3 d6 6. g3 Nc6 7. Bg2 Bd7 8. O-O
Be7 9. a4 O-O 10. b3 Nxd4 11. Qxd4 Qc7 12. Bb2 Rfd8 13. Rfc1 a6 14. Nd1 Bc6 15.
c4 b6 16. Nc3 Bb7 1/2-1/2

[Event "BL 8889 Bamberg-Delmenhorst"]
[Site "?"]
[Date "1988.??.??"]
[Round "?.8"]
[White "Kestler, H."]
[Black "Meyer, H."]
[Result "1/2-1/2"]
[WhiteElo "2370"]
[BlackElo "2330"]
[PlyCount "66"]
[EventDate "1988.??.??"]

1. c4 Nf6 2. Nf3 g6 3. g3 Bg7 4. Bg2 c6 5. O-O d5 6. cxd5 cxd5 7. d4 Nc6 8. Nc3
Ne4 9. Nxe4 dxe4 10. Ng5 Qxd4 11. Nxe4 O-O 12. Nc3 Bg4 13. Qb3 Na5 14. Qa3 Nc4
15. Qxe7 Rfe8 16. Qb4 Bxe2 17. Nxe2 Rxe2 18. Rb1 Rae8 19. Bf4 Nd2 20. Qxd4 Bxd4
21. Rbd1 Nxf1 22. Rxd4 Nxh2 23. Kxh2 Rxf2 24. Bh6 Rxb2 25. Rd7 Rxa2 26. Rxb7
Rd8 27. Kh3 Ra5 28. Bf3 Rf5 29. Bg4 Ra5 30. Be2 Re5 31. Bf3 Rf5 32. Bg4 Ra5 33.
Bf3 Rf5 1/2-1/2

[Event "BL 8889 Nürnberg-HSK"]
[Site "?"]
[Date "1988.??.??"]
[Round "?.1"]
[White "Chandler, M."]
[Black "Jansa, V."]
[Result "1-0"]
[WhiteElo "2605"]
[BlackElo "2470"]
[PlyCount "80"]
[EventDate "1988.??.??"]

1. e4 d6 2. d4 Nf6 3. Nc3 g6 4. Be3 Bg7 5. Qd2 a6 6. Bh6 Bxh6 7. Qxh6 b5 8. e5
b4 9. Nce2 Nd5 10. Qg7 Rf8 11. Nf3 Qd7 12. Ng5 Qf5 13. Nxh7 Nd7 14. Rc1 Bb7 15.
exd6 exd6 16. Nxf8 Nxf8 17. Qh6 Ne6 18. Qh3 Qf6 19. Qf3 Qe7 20. c4 Nxd4 21. Qg4
Nxe2 22. Bxe2 Nf6 23. Qg5 Nd7 24. Qxe7+ Kxe7 25. f3 Nc5 26. Kf2 a5 27. h4 Kf6
28. h5 g5 29. Rcd1 Bc8 30. Bd3 Be6 31. b3 a4 32. Be4 Rh8 33. Bc2 axb3 34. axb3
Bf5 35. Bxf5 Kxf5 36. Kg3 Nxb3 37. Rb1 Nd4 38. Rxb4 Ne2+ 39. Kf2 Nf4 40. Rb7
Ne6 1-0

[Event "BL 8889 Nürnberg-HSK"]
[Site "?"]
[Date "1988.??.??"]
[Round "?.2"]
[White "Pribyl, J."]
[Black "Stein, B."]
[Result "1/2-1/2"]
[WhiteElo "2435"]
[BlackElo "2380"]
[PlyCount "42"]
[EventDate "1988.??.??"]

1. g3 e5 2. c4 c6 3. Nf3 d6 4. Nc3 Nf6 5. Bg2 Be7 6. c5 O-O 7. O-O Na6 8. cxd6
Qxd6 9. d3 Re8 10. h3 Bf8 11. a3 Nc7 12. Nd2 Ncd5 13. Nc4 Qc7 14. Bd2 Be6 15.
Qc2 Rad8 16. Rac1 h6 17. Rfd1 Qb8 18. b4 g6 19. Qb2 Bg7 20. Nxd5 Nxd5 21. Qb1
Kh7 1/2-1/2

[Event "BL 8889 Nürnberg-HSK"]
[Site "?"]
[Date "1988.??.??"]
[Round "?.3"]
[White "Maus, So"]
[Black "Lumper, T."]
[Result "1-0"]
[WhiteElo "2400"]
[BlackElo "2355"]
[PlyCount "55"]
[EventDate "1988.??.??"]

1. c4 g6 2. g3 Bg7 3. Bg2 Nf6 4. Nc3 O-O 5. d3 c6 6. e4 d5 7. cxd5 cxd5 8. Nxd5
Nxd5 9. exd5 Bf5 10. Ne2 Qa5+ 11. Qd2 Qa6 12. Be4 Nd7 13. Bxf5 gxf5 14. Nf4 Nc5
15. O-O Nb3 16. axb3 Qxa1 17. d6 e6 18. Nh5 f6 19. Qe2 Qa6 20. Qxe6+ Kh8 21.
Qe7 Rg8 22. Nxg7 Rxg7 23. Qxf6 Kg8 24. Bf4 Rg6 25. Qxf5 Qc6 26. Rc1 Rf8 27.
Rxc6 Rxf5 28. Rc8+ 1-0

[Event "BL 8889 Nürnberg-HSK"]
[Site "?"]
[Date "1988.??.??"]
[Round "?.4"]
[White "Seibold, H."]
[Black "Reefschlaeger, H."]
[Result "0-1"]
[WhiteElo "2220"]
[BlackElo "2360"]
[PlyCount "104"]
[EventDate "1988.??.??"]

1. Nf3 d5 2. d4 Nf6 3. c4 c6 4. cxd5 cxd5 5. Nc3 Nc6 6. Bf4 Bf5 7. e3 e6 8. Bd3
Bxd3 9. Qxd3 Be7 10. Qb5 Qb6 11. Qxb6 axb6 12. Ke2 O-O 13. Bg5 Ne4 14. Bxe7
Nxc3+ 15. bxc3 Nxe7 16. Rhb1 Ra6 17. Ne5 Rfa8 18. Rb2 Nc8 19. Nd3 Ra3 20. Rc2
Nd6 21. Nc1 b5 22. Rb1 g5 23. f3 f6 24. Rb3 R3a5 25. Kd3 e5 26. e4 dxe4+ 27.
fxe4 Re8 28. Re2 f5 29. exf5 e4+ 30. Kc2 Nxf5 31. Rb2 Nd6 32. Nb3 Ra3 33. Nc1
Rc8 34. Rb3 Ra4 35. Kb2 Rf8 36. Rb4 Raa8 37. Kc2 Rf1 38. Rb2 Kf7 39. Rb4 Ke6
40. Rb2 Kd5 41. Nb3 g4 42. Nd2 Ra1 43. Kb3 Rc1 44. h3 Rc8 45. Re3 Nf5 46. Rxe4
R1xc3+ 47. Kb4 R8c4+ 48. Ka5 Ra3+ 49. Kb6 Rc6+ 50. Kxb5 Nd6+ 51. Kb4 Nxe4 52.
Kxa3 Ra6+ 0-1

[Event "BL 8889 Nürnberg-HSK"]
[Site "?"]
[Date "1988.??.??"]
[Round "?.6"]
[White "Huemmer, B."]
[Black "Michaelsen, N."]
[Result "1/2-1/2"]
[WhiteElo "2295"]
[BlackElo "2380"]
[PlyCount "94"]
[EventDate "1988.??.??"]

1. c4 Nf6 2. Nc3 c5 3. Nf3 e6 4. g3 b6 5. Bg2 Bb7 6. O-O a6 7. b3 d6 8. Re1
Nbd7 9. e4 Qc7 10. Bb2 Be7 11. d4 cxd4 12. Nxd4 O-O 13. g4 g6 14. Re3 Rad8 15.
Bh3 Ne8 16. Qf1 Ng7 17. Rd1 Ba8 18. Nde2 Nf6 19. Nd4 h5 20. gxh5 Nfxh5 21. Bg4
Bg5 22. Ree1 Qe7 23. Nf3 Bf6 24. Qd3 Qb7 25. Ba3 Be7 26. Nd4 Nf4 27. Qf1 Bf6
28. Bf3 Be5 29. Nde2 Ngh5 30. Nxf4 Nxf4 31. Ne2 Nxe2+ 32. Qxe2 b5 33. cxb5 axb5
34. Bb2 Bxb2 35. Qxb2 Qe7 36. Qd2 Qf6 37. Bg2 d5 38. e5 Qf5 39. Qd4 Rc8 40. Rc1
Kg7 41. Rc3 Rxc3 42. Qxc3 d4 43. Qxd4 Qg5 44. f3 Bxf3 45. Qf2 Bd5 46. Qg3 Qd2
47. Bxd5 Qxd5 1/2-1/2

[Event "BL 8889 Lasker-Bamberg"]
[Site "?"]
[Date "1988.??.??"]
[Round "?.1"]
[White "Unzicker, W."]
[Black "Brunner, L."]
[Result "1/2-1/2"]
[WhiteElo "2460"]
[BlackElo "2425"]
[PlyCount "43"]
[EventDate "1988.??.??"]

1. e4 c5 2. Nf3 d6 3. d4 cxd4 4. Nxd4 Nf6 5. Nc3 g6 6. Be2 Bg7 7. O-O O-O 8.
Be3 Nc6 9. Qd2 Ng4 10. Bxg4 Bxg4 11. f4 Nxd4 12. Bxd4 e5 13. Be3 exf4 14. Rxf4
Be6 15. Rf2 Be5 16. Bd4 Rc8 17. Qe3 Qa5 18. a3 Rc4 19. Bxa7 Bxc3 20. bxc3 Qxc3
21. Qxc3 Rxc3 22. Bd4 1/2-1/2

[Event "BL 8889 Lasker-Bamberg"]
[Site "?"]
[Date "1988.??.??"]
[Round "?.2"]
[White "Berg, K."]
[Black "Pfleger, He"]
[Result "0-1"]
[WhiteElo "2385"]
[BlackElo "2490"]
[PlyCount "72"]
[EventDate "1988.??.??"]

1. d4 Nf6 2. c4 e6 3. Nc3 d5 4. Bg5 Be7 5. e3 Nbd7 6. cxd5 exd5 7. Bd3 c6 8.
Nge2 O-O 9. Qc2 Re8 10. O-O a5 11. Rad1 Nf8 12. f3 Ng6 13. e4 dxe4 14. fxe4 Ng4
15. Bxe7 Qxe7 16. Rf3 f6 17. Rdf1 Be6 18. Na4 Nh6 19. Nc5 Bg4 20. R3f2 Rad8 21.
Qc4+ Kh8 22. Ng3 b6 23. Nb3 Qd6 24. Nf5 Bxf5 25. exf5 Ng4 26. g3 Nxf2 27. Rxf2
Ne7 28. Be4 Nd5 29. Nd2 Ne3 30. Qxc6 Qxd4 31. Bf3 Nxf5 32. Ne4 Rc8 33. Qb5 Rc1+
34. Kg2 Ne3+ 35. Kh3 Rxe4 36. Bxe4 Qxe4 0-1

[Event "BL 8889 Lasker-Bamberg"]
[Site "?"]
[Date "1988.??.??"]
[Round "?.3"]
[White "Goehring, K."]
[Black "Fries Nielsen, J."]
[Result "0-1"]
[WhiteElo "2335"]
[BlackElo "2385"]
[PlyCount "66"]
[EventDate "1988.??.??"]

1. d4 Nf6 2. c4 e6 3. Nc3 c5 4. e3 g6 5. Nf3 Bg7 6. Be2 O-O 7. O-O b6 8. b3 Bb7
9. Bb2 Nc6 10. dxc5 bxc5 11. Qd6 Qe7 12. Rfd1 Rfd8 13. Rd2 Qxd6 14. Rxd6 Ne8
15. Rd2 d6 16. Rad1 h6 17. Na4 Bxb2 18. Rxb2 Kf8 19. Nd2 Ke7 20. Nb1 Rab8 21.
Nbc3 f5 22. Rbd2 Nf6 23. f3 g5 24. Nb5 Ne8 25. Kf2 a6 26. Nbc3 Ba8 27. Bf1 Nf6
28. Be2 f4 29. Bd3 fxe3+ 30. Kxe3 Nd4 31. h3 Bc6 32. Nb2 Rf8 33. Ne2 Nxf3 0-1

[Event "BL 8889 Lasker-Bamberg"]
[Site "?"]
[Date "1988.??.??"]
[Round "?.4"]
[White "Junge, R."]
[Black "Kurz, A."]
[Result "1/2-1/2"]
[WhiteElo "2370"]
[BlackElo "2280"]
[PlyCount "82"]
[EventDate "1988.??.??"]

1. e4 c5 2. Nf3 d6 3. c3 Nf6 4. h3 g6 5. Bd3 Bg7 6. Bc2 O-O 7. O-O Nc6 8. Re1
b6 9. d3 Bb7 10. Nbd2 Qc7 11. Nf1 h6 12. Bd2 e5 13. Ne3 Rad8 14. c4 Ne7 15. Qc1
Kh7 16. b4 Nh5 17. bxc5 dxc5 18. Nd5 Nxd5 19. cxd5 f5 20. Bc3 fxe4 21. dxe4
Rxf3 22. gxf3 Rf8 23. Bd3 Bc8 24. Bf1 Qe7 25. f4 Qh4 26. f5 gxf5 27. exf5 Rxf5
28. Qe3 Nf4 29. Kh2 Nxh3 30. Bxh3 Rh5 31. Qe4+ Qxe4 32. Rxe4 Rxh3+ 33. Kg1 Rxc3
34. Rd1 Kg6 35. d6 Bd7 36. f4 Kf5 37. Re2 e4 38. Rd5+ Ke6 39. Red2 Bd4+ 40. Kg2
e3 41. Rb2 Kxd5 1/2-1/2

[Event "BL 8889 Lasker-Bamberg"]
[Site "?"]
[Date "1988.??.??"]
[Round "?.5"]
[White "Meister, P."]
[Black "Simon, R."]
[Result "1-0"]
[WhiteElo "2325"]
[BlackElo "2285"]
[PlyCount "49"]
[EventDate "1988.??.??"]

1. d4 d5 2. c4 e6 3. Nc3 c6 4. cxd5 exd5 5. Qc2 Bd6 6. Nf3 h6 7. e3 Ne7 8. Bd3
Nd7 9. O-O O-O 10. Bd2 Nb6 11. Ne2 Qc7 12. h3 Be6 13. Nf4 Bd7 14. Rac1 g6 15.
g4 g5 16. Nh5 f5 17. Ne5 fxg4 18. hxg4 Be8 19. Ng3 c5 20. f4 c4 21. Bh7+ Kh8
22. fxg5 Rxf1+ 23. Rxf1 Nc6 24. Qf5 Nxe5 25. Qf8+ 1-0

[Event "BL 8889 Lasker-Bamberg"]
[Site "?"]
[Date "1988.??.??"]
[Round "?.6"]
[White "Breutigam, M."]
[Black "Ruehrig, V."]
[Result "1-0"]
[WhiteElo "2300"]
[BlackElo "2330"]
[PlyCount "81"]
[EventDate "1988.??.??"]

1. d4 Nf6 2. c4 g6 3. Nc3 d5 4. Nf3 Bg7 5. Bg5 Ne4 6. cxd5 Nxg5 7. Nxg5 e6 8.
Qd2 h6 9. Nf3 exd5 10. e3 Be6 11. Bd3 Nd7 12. O-O O-O 13. b4 c6 14. Rfc1 Re8
15. Rab1 Rc8 16. a4 Nb6 17. b5 Bg4 18. bxc6 bxc6 19. Ne2 Bxf3 20. gxf3 c5 21.
dxc5 Nd7 22. Bb5 Re5 23. f4 Re7 24. Qxd5 Qc7 25. Ba6 Rd8 26. Rd1 Ree8 27. Rb7
Nf6 28. Rxc7 Nxd5 29. Rxa7 Nxf4 30. Rxd8 Nxe2+ 31. Bxe2 Rxd8 32. Bc4 Rd1+ 33.
Kg2 Rc1 34. Bxf7+ Kf8 35. Be6 Bb2 36. Rc7 Be5 37. Rf7+ Ke8 38. f4 Rxc5 39. fxe5
Rxe5 40. Bc4 Rxe3 41. Rf6 1-0

[Event "BL 8889 Lasker-Bamberg"]
[Site "?"]
[Date "1988.??.??"]
[Round "?.7"]
[White "Hartmann, G."]
[Black "Paulsen, D."]
[Result "1-0"]
[WhiteElo "2275"]
[BlackElo "2355"]
[PlyCount "75"]
[EventDate "1988.??.??"]

1. e4 c5 2. Nf3 d6 3. d4 cxd4 4. Nxd4 Nf6 5. Nc3 g6 6. Bc4 Bg7 7. h3 O-O 8. O-O
Nc6 9. Be3 Nxe4 10. Bxf7+ Rxf7 11. Nxe4 h6 12. c3 Na5 13. Qd3 d5 14. Nc5 Qd6
15. Qb5 b6 16. Nd3 e5 17. Ne2 Bd7 18. Qb4 Qxb4 19. Nxb4 Bb5 20. Rfe1 Rd8 21.
Rad1 Rfd7 22. b3 d4 23. cxd4 exd4 24. Bd2 Nc6 25. Nxc6 Bxc6 26. Nf4 g5 27. Ne6
Re8 28. Nxg7 Rxe1+ 29. Rxe1 Kxg7 30. Re8 Rc7 31. Rd8 Bd7 32. f4 Kf6 33. fxg5+
hxg5 34. Rf8+ Ke5 35. Bxg5 Ke4 36. h4 Rc2 37. h5 Bf5 38. g4 {ZÜ} 1-0

[Event "BL 8889 Kreuzberg-Nürnberg"]
[Site "?"]
[Date "1988.??.??"]
[Round "?.1"]
[White "Jansa, V."]
[Black "Conquest, S."]
[Result "1-0"]
[WhiteElo "2470"]
[BlackElo "2490"]
[PlyCount "89"]
[EventDate "1988.??.??"]

1. e4 c5 2. Nf3 d6 3. d4 cxd4 4. Nxd4 Nf6 5. Nc3 g6 6. Bc4 Bg7 7. h3 O-O 8. O-O
a6 9. Bb3 e6 10. Bg5 h6 11. Be3 b5 12. f3 Qe7 13. Qd2 Kh7 14. a4 b4 15. Na2 a5
16. c3 bxc3 17. Nxc3 Bb7 18. Rad1 Rd8 19. Qf2 Na6 20. Ndb5 Rd7 21. Rd2 Rc8 22.
Rfd1 Ne8 23. Bb6 Qg5 24. f4 Qe7 25. Bxa5 Nc5 26. Bc2 f5 27. exf5 exf5 28. Bb4
Ne4 29. Bxe4 fxe4 30. Qe3 Rc4 31. Bxd6 Qe6 32. Be5 Rxd2 33. Qxd2 Nf6 34. Qd6
Qf5 35. Qe7 e3 36. Bxf6 Qxf6 37. Qxf6 Bxf6 38. Rd7+ Kh8 39. Rxb7 Rxf4 40. Rb8+
Kh7 41. Re8 Bh4 42. Kh2 Bf2 43. Re7+ Kg8 44. a5 Kf8 45. a6 1-0

[Event "BL 8889 Kreuzberg-Nürnberg"]
[Site "?"]
[Date "1988.??.??"]
[Round "?.2"]
[White "Wells, P."]
[Black "Pribyl, J."]
[Result "1-0"]
[WhiteElo "2410"]
[BlackElo "2435"]
[PlyCount "91"]
[EventDate "1988.??.??"]

1. d4 Nf6 2. Nf3 g6 3. c4 Bg7 4. Nc3 d5 5. cxd5 Nxd5 6. e4 Nxc3 7. bxc3 c5 8.
Rb1 O-O 9. Be2 cxd4 10. cxd4 Qa5+ 11. Bd2 Qxa2 12. O-O b6 13. Qc1 Bb7 14. Bc4
Qa4 15. Bb5 Qa2 16. Bc4 Qa4 17. Bb5 Qa2 18. Re1 Rc8 19. Qd1 Nc6 20. Re2 e6 21.
d5 exd5 22. Be1 Qa3 23. exd5 Rd8 24. dxc6 Bxc6 25. Qb3 Qxb3 26. Rxb3 Bxb5 27.
Rxb5 Rd7 28. g4 Rc8 29. Bd2 h6 30. Be3 Kf8 31. Kg2 Rd3 32. h3 Rcc3 33. Ne5 Rb3
34. Rxb3 Rxb3 35. Nd7+ Ke7 36. Bxh6+ Kxd7 37. Bxg7 a5 38. h4 a4 39. h5 gxh5 40.
gxh5 Rb5 41. Re5 Rb4 42. Re3 Rg4+ 43. Rg3 Rh4 44. h6 f6 45. Rh3 Rg4+ 46. Kf3
1-0

[Event "BL 8889 Kreuzberg-Nürnberg"]
[Site "?"]
[Date "1988.??.??"]
[Round "?.3"]
[White "Lumper, T."]
[Black "Loeffler, S."]
[Result "1-0"]
[WhiteElo "2355"]
[BlackElo "2375"]
[PlyCount "54"]
[EventDate "1988.??.??"]

1. c4 c5 2. Nf3 Nc6 3. Nc3 g6 4. g3 Bg7 5. Bg2 Nh6 6. d4 cxd4 7. Nxd4 Nxd4 8.
Bxh6 Bxh6 9. Qxd4 O-O 10. O-O d6 11. Rfd1 Bg7 12. Qe3 Bxc3 13. Qxc3 Qc7 14.
Rac1 Bg4 15. Qd4 h5 16. h3 Be6 17. g4 hxg4 18. hxg4 Qb6 19. Qc3 Bxg4 20. Rd5
Rac8 21. Rcd1 Bxe2 22. R1d4 e5 23. Rh4 Qd8 24. Qh3 Bh5 25. Rd3 Qg5 26. Rg3 Qc1+
27. Kh2 Kg7 {.../??/} 1-0

[Event "BL 8889 Kreuzberg-Nürnberg"]
[Site "?"]
[Date "1988.??.??"]
[Round "?.4"]
[White "Glienke, M."]
[Black "Seibold, H."]
[Result "1-0"]
[WhiteElo "2295"]
[BlackElo "2220"]
[PlyCount "123"]
[EventDate "1988.??.??"]

1. d4 Nf6 2. Nf3 g6 3. Bf4 Bg7 4. e3 O-O 5. Be2 d6 6. h3 b6 7. O-O c5 8. c3 Bb7
9. Nbd2 Ne4 10. Nxe4 Bxe4 11. Qa4 Bc6 12. Qa3 Qe8 13. Rad1 e5 14. Bh2 Qe7 15.
b4 Nd7 16. Rd2 cxd4 17. cxd4 a5 18. b5 Bxf3 19. Bxf3 Rad8 20. Bc6 f5 21. Rfd1
f4 22. dxe5 fxe3 23. Qxe3 Nxe5 24. Bd5+ Kh8 25. Bf4 Qc7 26. Bg5 Rde8 27. Qb3
Nd7 28. Bc6 Nc5 29. Qc2 Re6 30. Be3 Qe7 31. Re2 Re5 32. Rde1 Qf7 33. Qd2 Qc7
34. Bd4 Rxe2 35. Rxe2 Rd8 36. Bxg7+ Qxg7 37. Qg5 Rf8 38. g3 Nd3 39. Qd2 Ne5 40.
Qxd6 Nf7 41. Qe7 Nh6 42. Qxg7+ Kxg7 43. Re7+ Rf7 44. Rxf7+ Kxf7 45. Bd5+ Ke7
46. g4 Kd6 47. Bb3 Kc5 48. f4 Kxb5 49. f5 Kc5 50. f6 Kd6 51. a4 g5 52. Kf2 Kd7
53. Ke3 Ke8 54. Ke4 Kf8 55. Be6 Ke8 56. Kd5 Nf7 57. Bxf7+ Kxf7 58. Ke5 h6 59.
Kf5 b5 60. axb5 a4 61. b6 a3 62. b7 1-0

[Event "BL 8889 Kreuzberg-Nürnberg"]
[Site "?"]
[Date "1988.??.??"]
[Round "?.6"]
[White "Federau, J."]
[Black "Huemmer, B."]
[Result "1-0"]
[WhiteElo "2300"]
[BlackElo "2295"]
[PlyCount "81"]
[EventDate "1988.??.??"]

1. d4 d6 2. c4 e5 3. Nf3 e4 4. Nfd2 f5 5. e3 Nf6 6. Nc3 c6 7. Be2 Be6 8. O-O
Be7 9. b4 O-O 10. b5 d5 11. Qa4 Ng4 12. Bxg4 fxg4 13. Ba3 h5 14. Rab1 h4 15.
bxc6 bxc6 16. Rb7 Bxa3 17. Qxa3 Qg5 18. Qe7 Qh6 19. Qd6 g3 20. cxd5 gxh2+ 21.
Kxh2 Bxd5 22. Qxh6 gxh6 23. Ndxe4 Bc4 24. Rfb1 Ba6 25. Rc7 Rf7 26. Rxf7 Kxf7
27. Nc5 Bc8 28. N3e4 Ke7 29. Rb4 Nd7 30. Nxd7 Kxd7 31. Kh3 a5 32. Rb2 Kc7+ 33.
Kxh4 Ba6 34. Nc5 Bf1 35. g4 a4 36. a3 Bg2 37. Rb4 Bd5 38. Rb7+ Kc8 39. f4 Ra5
40. Rb4 Ra7 41. Rxa4 1-0

[Event "BL 8889 Bamberg-Kreuzberg"]
[Site "?"]
[Date "1988.??.??"]
[Round "?.1"]
[White "Conquest, S."]
[Black "Unzicker, W."]
[Result "1-0"]
[WhiteElo "2490"]
[BlackElo "2460"]
[PlyCount "87"]
[EventDate "1988.??.??"]

1. d4 Nf6 2. c4 e6 3. Nf3 b6 4. a3 Bb7 5. Nc3 d5 6. cxd5 Nxd5 7. Qc2 Nxc3 8.
Qxc3 Nd7 9. Bg5 Qc8 10. e3 Bd6 11. Bb5 c6 12. Ba4 O-O 13. O-O Qc7 14. Rfd1 Rfc8
15. Rac1 Nf8 16. Bh4 Ng6 17. Bg3 Ne7 18. Ne5 Qd8 19. Qd3 Rc7 20. Qe2 Rac8 21.
Qg4 Nd5 22. Bc2 Qf8 23. Qh3 h6 24. Bb1 Nf6 25. Bh4 Be7 26. Ba2 Nd5 27. Bg3 Bd6
28. Qh5 c5 29. dxc5 Nf6 30. Qe2 Rxc5 31. Nd7 Rxc1 32. Nxf8 Bxf8 33. Bb3 Bd5 34.
Bxd5 Nxd5 35. h3 R8c2 36. Qe1 Rxd1 37. Qxd1 Rxb2 38. Be5 Rb5 39. e4 Nf6 40. Bd6
Bxd6 41. Qxd6 Rb1+ 42. Kh2 a5 43. Qd8+ Kh7 44. Qd3 1-0

[Event "BL 8889 Bamberg-Kreuzberg"]
[Site "?"]
[Date "1988.??.??"]
[Round "?.2"]
[White "Pfleger, He"]
[Black "Wells, P."]
[Result "1/2-1/2"]
[WhiteElo "2490"]
[BlackElo "2410"]
[PlyCount "37"]
[EventDate "1988.??.??"]

1. d4 Nf6 2. c4 e6 3. Nf3 Bb4+ 4. Bd2 c5 5. Bxb4 cxb4 6. e3 O-O 7. Nbd2 d6 8.
Be2 Nc6 9. O-O e5 10. Nb3 Bg4 11. dxe5 dxe5 12. h3 Bf5 13. Qxd8 Rfxd8 14. Rac1
a5 15. Nc5 e4 16. Ne1 b6 17. Na4 Rab8 18. c5 Nd7 19. cxb6 1/2-1/2

[Event "BL 8889 Bamberg-Kreuzberg"]
[Site "?"]
[Date "1988.??.??"]
[Round "?.3"]
[White "Loeffler, S."]
[Black "Goehring, K."]
[Result "1-0"]
[WhiteElo "2375"]
[BlackElo "2335"]
[PlyCount "49"]
[EventDate "1988.??.??"]

1. d4 Nf6 2. c4 e6 3. Nf3 d5 4. Bg5 Be7 5. Nc3 h6 6. Bxf6 Bxf6 7. e3 O-O 8. Rc1
c6 9. Bd3 Nd7 10. O-O dxc4 11. Bxc4 e5 12. Bb3 exd4 13. exd4 Nb6 14. Ne5 Bxe5
15. dxe5 Bf5 16. Qf3 Qd3 17. Qf4 Be6 18. Bc2 Qc4 19. Ne4 Qxa2 20. Nf6+ Kh8 21.
Qe4 g6 22. Qh4 Kg7 23. Nh5+ Kh7 24. f4 Bb3 25. Rf3 1-0

[Event "BL 8889 Bamberg-Kreuzberg"]
[Site "?"]
[Date "1988.??.??"]
[Round "?.4"]
[White "Kurz, A."]
[Black "Glienke, M."]
[Result "1-0"]
[WhiteElo "2280"]
[BlackElo "2295"]
[PlyCount "55"]
[EventDate "1988.??.??"]

1. d4 d5 2. c4 c6 3. Nf3 Nf6 4. Nc3 e6 5. Bg5 Nbd7 6. e3 Be7 7. Bd3 O-O 8. O-O
dxc4 9. Bxc4 Nd5 10. Bxe7 Qxe7 11. e4 Nxc3 12. bxc3 b6 13. Re1 Bb7 14. Qd2 Rfd8
15. Rad1 h6 16. Qf4 Rac8 17. h4 Qf6 18. Qg4 Nf8 19. e5 Qe7 20. Re3 c5 21. Bd3
Rc7 22. Nd2 cxd4 23. cxd4 Rcd7 24. Ne4 Rxd4 25. Nf6+ Kh8 26. Qh5 Ba6 27. Rg3
Rxd3 28. Qxh6+ 1-0

[Event "BL 8889 Bamberg-Kreuzberg"]
[Site "?"]
[Date "1988.??.??"]
[Round "?.5"]
[White "Lehmann, K."]
[Black "Meister, P."]
[Result "1-0"]
[WhiteElo "2325"]
[BlackElo "2325"]
[PlyCount "89"]
[EventDate "1988.??.??"]

1. e4 e6 2. d4 d5 3. Nd2 Nf6 4. e5 Nfd7 5. c3 c5 6. Bd3 Nc6 7. Ne2 Qb6 8. Nf3
cxd4 9. cxd4 f6 10. exf6 Nxf6 11. O-O Bd6 12. Nc3 O-O 13. Be3 Bd7 14. a3 Kh8
15. h3 Ne7 16. Ne5 Be8 17. Na4 Bxa4 18. Qxa4 Nf5 19. Bxf5 exf5 20. Bf4 Rac8 21.
b3 Rc3 22. Rab1 Kg8 23. Rfc1 Rc7 24. Rxc7 Qxc7 25. Rc1 Qe7 26. Re1 a6 27. Nd3
Qc7 28. Rc1 Qe7 29. Be5 Nd7 30. Qa5 Nxe5 31. dxe5 Bb8 32. Qxd5+ Kh8 33. Qc5
Qxc5 34. Rxc5 h6 35. Rd5 Rc8 36. Nc5 Ba7 37. b4 a5 38. Nd3 axb4 39. axb4 Kh7
40. Rd7 Rc3 41. Kf1 b5 42. e6 Bb6 43. e7 Rc8 44. Ne5 Re8 45. Nc6 1-0

[Event "BL 8889 Bamberg-Kreuzberg"]
[Site "?"]
[Date "1988.??.??"]
[Round "?.7"]
[White "Tyrtania, M."]
[Black "Hartmann, G."]
[Result "1-0"]
[WhiteElo "2300"]
[BlackElo "2275"]
[PlyCount "99"]
[EventDate "1988.??.??"]

1. d4 Nf6 2. c4 c5 3. d5 g6 4. Nc3 Bg7 5. e4 O-O 6. Nge2 d6 7. Ng3 e6 8. Be2
exd5 9. cxd5 a6 10. a4 Re8 11. O-O h5 12. Bg5 Qc7 13. Qd2 Nbd7 14. f4 Nh7 15.
Bh4 Rb8 16. e5 dxe5 17. d6 Qa5 18. f5 Qb4 19. fxg6 fxg6 20. Qd5+ Kh8 21. Nge4
Qd4+ 22. Kh1 Ndf8 23. Rad1 Be6 24. Rxd4 exd4 25. Qxc5 Nd7 26. Qb4 dxc3 27. bxc3
Bd5 28. Bf3 Rbc8 29. Qb1 Ne5 30. d7 Nxd7 31. Nd6 Bxf3 32. gxf3 Ne5 33. Nxe8
Rxe8 34. Qxb7 g5 35. Bg3 Nf8 36. Re1 Nfg6 37. Qxa6 Rf8 38. Kg2 Kh7 39. Re3 h4
40. Bxe5 Bxe5 41. Qb7+ Kh6 42. Rxe5 Nxe5 43. a5 g4 44. fxg4 Nxg4 45. Qb6+ Kg5
46. a6 h3+ 47. Kxh3 Rf3+ 48. Kg2 Kf4 49. a7 Ne3+ 50. Qxe3+ 1-0

[Event "BL 8889 Nürnberg-Lasker"]
[Site "?"]
[Date "1988.??.??"]
[Round "?.2"]
[White "Pribyl, J."]
[Black "Berg, K."]
[Result "1/2-1/2"]
[WhiteElo "2435"]
[BlackElo "2385"]
[PlyCount "55"]
[EventDate "1988.??.??"]

1. Nf3 Nf6 2. b3 d5 3. Bb2 Bg4 4. e3 e6 5. h3 Bh5 6. Be2 Nbd7 7. d3 h6 8. Nbd2
Bd6 9. e4 Bxf3 10. Bxf3 c6 11. Qe2 dxe4 12. Nxe4 Nxe4 13. Bxe4 Qa5+ 14. Qd2
Qxd2+ 15. Kxd2 O-O 16. Rae1 Rfd8 17. Kc1 Nf6 18. Re2 Nxe4 19. Rxe4 Bc5 20. f3
Rd5 21. Rhe1 Rad8 22. Kd2 Kf8 23. R1e2 Bd4 24. c4 R5d7 25. Bxd4 Rxd4 26. Rxd4
Rxd4 27. Kc3 Rf4 28. a4 1/2-1/2

[Event "BL 8889 Nürnberg-Lasker"]
[Site "?"]
[Date "1988.??.??"]
[Round "?.3"]
[White "Fries Nielsen, J."]
[Black "Lumper, T."]
[Result "1-0"]
[WhiteElo "2385"]
[BlackElo "2355"]
[PlyCount "83"]
[EventDate "1988.??.??"]

1. Nf3 Nf6 2. d4 g6 3. g3 Bg7 4. Bg2 O-O 5. O-O d6 6. Nc3 c6 7. e4 Qa5 8. h3 e5
9. Be3 Nbd7 10. a4 exd4 11. Nxd4 Re8 12. Nb3 Qc7 13. a5 Ne5 14. Bd4 Nc4 15. Nd2
Be6 16. Nxc4 Bxc4 17. Re1 c5 18. Be3 Nd7 19. Qd2 Ne5 20. b3 Be6 21. f4 Nc6 22.
a6 b6 23. g4 f5 24. exf5 gxf5 25. Nd5 Qd8 26. g5 Rc8 27. c3 Kh8 28. Rad1 Qd7
29. h4 Bxd5 30. Bxd5 Re4 31. h5 h6 32. Qg2 Ne7 33. Bxe4 fxe4 34. Qxe4 Nf5 35.
Bf2 Bxc3 36. Qe6 Rd8 37. Qxd7 Rxd7 38. Re8+ Kh7 39. Rd5 Nd4 40. Bxd4 Bxd4+ 41.
Kg2 Rf7 42. Rxd6 1-0

[Event "BL 8889 Nürnberg-Lasker"]
[Site "?"]
[Date "1988.??.??"]
[Round "?.4"]
[White "Seibold, H."]
[Black "Junge, R."]
[Result "1/2-1/2"]
[WhiteElo "2220"]
[BlackElo "2370"]
[PlyCount "41"]
[EventDate "1988.??.??"]

1. Nf3 Nf6 2. g3 d5 3. Bg2 Bf5 4. O-O c6 5. d3 h6 6. b3 e6 7. Bb2 Be7 8. c4 O-O
9. Nbd2 Nbd7 10. Ne5 Nxe5 11. Bxe5 Bg6 12. a3 Nd7 13. Bc3 Bf6 14. Bxf6 Qxf6 15.
b4 a6 16. Qb3 Bh5 17. Bf3 dxc4 18. dxc4 Bxf3 19. Nxf3 Ne5 20. Nxe5 Qxe5 21. Qc2
1/2-1/2